| 000 | 00769pam a2200253 a 4500 | ||
|---|---|---|---|
| 008 | |||
| 020 | _a187491236X (pbk.) | ||
| 049 | _aMAIN | ||
| 090 |
_aTT155 _bREA |
||
| 245 | 0 | 0 |
_aReader's digest book of skills & tools / _bedited by, Brian Johnson Barker. |
| 260 |
_aCape Town : _bReader's Digest Association, _cc1995. |
||
| 300 |
_a360 p. : _bcol. ill. ; _c26 cm. |
||
| 500 | _aIncludes index. | ||
| 650 | 0 | _aDo-it-yourself work. | |
| 650 | 0 | _aTools. | |
| 650 | 0 |
_aDwellings _xMaintenance and repair. |
|
| 700 | _aBarker, Brian Johnson. | ||
| 710 | 2 | _aReader's Digest Association. | |
| 907 |
_a.b1032513x _b20-02-13 _c14-12-12 |
||
| 003 | |||
| 005 | 20230123125511.0 | ||
| 040 | _cNUST | ||
| 942 |
_cBOOKS _kTT155 _mREA |
||
| 999 |
_c142627 _d142627 |
||